Paris Saint-Germain Goalkeeper By Year - Statistics

General Stats
  • This quiz has been taken 632 times
    165 since last reset
  • The average score is 16 of 52
Answer Stats
Season Goalkeeper % Correct
2024-25 Gianluigi Donnarumma
98%
2023-24 Gianluigi Donnarumma
98%
2022-23 Gianluigi Donnarumma
98%
2021-22 Keylor Navas
88%
2020-21 Keylor Navas
88%
2019-20 Keylor Navas
88%
2016-17 Kevin Trapp
74%
2015-16 Kevin Trapp
74%
2014-15 Salvatore Sirigu
74%
2013-14 Salvatore Sirigu
74%
2012-13 Salvatore Sirigu
74%
2011-12 Salvatore Sirigu
74%
2018-19 Alphonse Areola
72%
2017-18 Alphonse Areola
72%
1999-00 Bernard Lama
24%
1998-99 Bernard Lama
24%
1996-97 Bernard Lama
24%
1995-96 Bernard Lama
24%
1994-95 Bernard Lama
24%
1993-94 Bernard Lama
24%
1992-93 Bernard Lama
24%
2008-09 Mickaël Landreau
20%
2007-08 Mickaël Landreau
20%
2006-07 Mickaël Landreau
20%
2010-11 Apoula Edel
15%
2009-10 Apoula Edel
15%
2005-06 Lionel Letizi
11%
2004-05 Lionel Letizi
11%
2002-03 Lionel Letizi
11%
2001-02 Lionel Letizi
11%
2000-01 Lionel Letizi
11%
2003-04 Jérôme Alonzo
10%
1991-92 Joël Bats
9%
1990-91 Joël Bats
9%
1989-90 Joël Bats
9%
1988-89 Joël Bats
9%
1987-88 Joël Bats
9%
1986-87 Joël Bats
9%
1985-86 Joël Bats
9%
1997-98 Christophe Revault
6%
1983-84 Dominique Baratelli
4%
1982-83 Dominique Baratelli
4%
1981-82 Dominique Baratelli
4%
1980-81 Dominique Baratelli
4%
1979-80 Dominique Baratelli
4%
1978-79 Dominique Baratelli
4%
1984-85 Jean-Michel Moutier
4%
1977-78 Daniel Bernard
3%
1971-72 Guy Delhumeau
3%
1976-77 Ilija Pantelić
3%
1975-76 Ilija Pantelić
3%
1974-75 Ilija Pantelić
3%
No matching quizzes found
Score Distribution
Percent of People with Each Score
Percentile by Number Answered
Your Score History
You have not taken this quiz since the last reset